000 00222 a2200097 4500
001 40002
100 _aSingal M K
245 _aPre-University Mathematics
260 _aNew Dehli
_bR Chand & Co.
_c
090 _c24990
_d24990
942 _aNUST-CAE
_cM
_c16658
999 _c275075
_d275075